000 00352nam a2200133Ia 4500
008 240624s9999 xx 000 0 und d
041 _aeng
082 _a006.3 KAS
100 _aKASPAROV GARRY
245 _aDEEP THINKING WHERE MACHINE INTELLIGENCE
260 _c2017
_aUnited Kingdom
_bJohn Murray
300 _avii, 287 p.; 23 cm.
365 _cRS
_b30
999 _c29489
_d29489